LANDSCAPE DESIGN TODAY (Record no. 13593)
[ view plain ]
| 000 -LEADER | |
|---|---|
| fixed length control field | 00200 a2200085 4500 |
| 020 ## - INTERNATIONAL STANDARD BOOK NUMBER | |
| International Standard Book Number | 9788489861978 |
| 100 ## - MAIN ENTRY--PERSONAL NAME | |
| Personal name | Gingko Press |
| 245 ## - TITLE STATEMENT | |
| Title | LANDSCAPE DESIGN TODAY |
| 260 ## - PUBLICATION, DISTRIBUTION, ETC. | |
| Name of publisher, distributor, etc. | Links International |
| Date of publication, distribution, etc. | 2004 |
| Withdrawn status | Lost status | Source of classification or shelving scheme | Damaged status | Not for loan | Permanent Location | Current Location | Date acquired | Source of acquisition | Cost, normal purchase price | Barcode | Date last seen | Cost, replacement price | Price effective from | Koha item type |
|---|---|---|---|---|---|---|---|---|---|---|---|---|---|---|
| BMS College of Architecture, Design and Planning | BMS College of Architecture, Design and Planning | 2025-09-12 | 10 | 3309.95 | AR-UG4408 | 2025-09-12 | 4728.50 | 2025-09-12 | UG Books |